[Event "BRA-ch U16"]
[Site "Volta Redonda"]
[Date "2001.05.06"]
[Round "5.13"]
[White "Lima, Matheus"]
[Black "Stiegemeier, Fernando"]
[Result "1-0"]
[WhiteElo "1792"]
[BlackElo "1870"]
[PlyCount "63"]
[EventDate "2001.05.??"]
[EventType "swiss"]
[EventRounds "6"]
[EventCountry "BRA"]
[SourceTitle "EXT 2003"]
[Source "ChessBase"]
[SourceDate "2002.11.25"]
[SourceVersion "1"]
[SourceVersionDate "2002.11.25"]
[SourceQuality "1"]

1. e4 c6 2. d4 d5 3. Nc3 dxe4 4. Nxe4 Bf5 5. Ng3 Bg6 6. Nf3 Nd7 7. Bd3 Bxd3 8. Qxd3 Ngf6 9. 0-0 e6 10. Re1 Be7 11. Qe2 Qc7 12. Nf5 Bf8 13. Ng5 0-0-0 14. Nxf7 exf5 15. Nxh8 Nb6 16. Bg5 Bd6 17. Bxf6 gxf6 18. Qe6+ Kb8 19. Nf7 Bxh2+ 20. Kh1 Rf8 21. Nh6 Qf4 22. Nxf5 Nd5 23. Qe4 Qg5 24. Kxh2 Rg8 25. Ng3 h5 26. Ne2 h4 27. c4 f5 28. Qf3 Nc7 29. Rad1 Ne6 30. d5 h3 31. dxe6 hxg2 32. Qf4+ 1-0